[Event "XX Sants Open 2018"]
[Site "Cotxeres de Sants"]
[Date "2018.08.20"]
[Round "4"]
[White "Narciso Dublan, Marc"]
[Black "Nisipeanu, Liviu-Dieter"]
[Result "0-1"]
[WhiteElo "2483"]
[BlackElo "2657"]
[Annotator "TA"]
[PlyCount "116"]
[EventDate "2018.08.17"]
[EventType "swiss"]
[EventCountry "ESP"]
[SourceTitle "playchess.com"]
[Source "ChessBase"]
[SourceQuality "1"]

{[%evp 12,116,2,7,20,27,29,14,15,10,14,20,44,38,39,38,41,41,63,67,62,62,65,65,187,79,75,82,87,25,25,25,25,28,28,28,28,32,37,35,91,71,71,71,93,74,70,52,77,37,140,56,80,8,8,8,14,0,0,0,0,0,0,0,0,0,0,0,0,0,0,0,0,0,0,0,0,0,0,-3,0,0,0,0,0,0,0,-12827,-12827,-12822,-12539,-12829,-12830,-12829,-12826,-12828,-12830,-12820,-12812,-29978,-29975,-29981,-29981,-29990,-29991,-29991,-29992]} 1. d4 Nf6 2. Bg5 d5 3. e3 c5 4. Bxf6 gxf6 5. dxc5 e6 6. Nf3 {D00: 1 d4 d5: Unusual lines} Bxc5 7. Be2 {LiveBook: 5 Games} b6 $146 ({Predecessor:} 7... Nc6 8. O-O Bd7 9. c4 dxc4 10. Bxc4 O-O 11. Nc3 Be7 12. Qe2 Qa5 13. Nd4 Kh8 {½-½ (45) Shankland,S (2656)-Xiong,J (2618) Saint Louis 2016}) 8. c4 {The position is equal.} dxc4 9. Qc2 Bb7 10. O-O Nd7 {[%cal Bb8d7,Bd7e5,Be5g4][%mdl 32]} 11. Qxc4 Rg8 12. Rd1 Qc7 13. Nbd2 Ne5 14. Qh4 O-O-O {...Rxd2! is the strong threat.} 15. Kf1 Ng4 16. Rac1 {Hoping for b4.} a5 $1 17. g3 Qc6 (17... Kb8 $14) 18. Nb3 (18. a3 $18 {is more deadly.}) 18... Ne5 $16 19. Nxc5 bxc5 20. e4 (20. Rxd8+ $16 Rxd8 21. e4) 20... Rxd1+ $11 21. Rxd1 Qxe4 22. Qxe4 Bxe4 23. Nxe5 fxe5 {[%mdl 4096] Endgame KRB-KRB} 24. Rc1 Kd7 25. Rxc5 Rb8 ({Black should play} 25... Rc8 $14 26. Bb5+ Kd8 27. Rxc8+ (27. Rxe5 Rc1+ 28. Ke2 Rc2+ 29. Ke3 Bd5 $11) 27... Kxc8) 26. Rxe5 Bd5 27. b3 Kd6 28. Re3 Rc8 29. Bd3 h5 {[%cal Bh7h5,Bh5h4][%mdl 32]} 30. f4 Kc5 {[#]} (30... a4 $14) 31. Ba6 ({White should try} 31. Bg6 $1 $16 {[%mdl 512]}) 31... Rh8 {[#]} 32. Kf2 (32. h4 $1 $16) 32... h4 $1 33. g4 Rb8 $1 34. Rh3 Rb4 35. Bc4 Bxc4 36. bxc4 Rxc4 37. Rxh4 Rxf4+ {KR-KR} 38. Kg3 Ra4 39. Rh7 Ra3+ 40. Kf4 Rxa2 41. Kg3 Ra3+ 42. Kg2 Ra4 43. Kg3 f5 44. gxf5 $1 exf5 45. Rh5 Rc4 46. Rxf5+ Kb4 47. h4 a4 {aiming for ...a3.} 48. h5 a3 {Strongly threatening ...a2.} 49. h6 $2 {[%mdl 8192]} (49. Rf2 $11) 49... a2 $19 50. Rf1 {[#]} Rc6 $1 {[%cal Rc6g6]} 51. Rh1 {[#]} Rxh6 $1 {[%mdl 512]} 52. Rxh6 a1=Q {KQ-KR} 53. Re6 Kc4 54. Kf4 Kd5 55. Rg6 Qd4+ {Black mates.} 56. Kg5 Ke5 57. Ra6 Qd2+ 58. Kh4 Kf5 {Precision: White = 60%, Black = 53%.} 0-1

[Event "XX Sants Open 2018"]
[Site "Cotxeres de Sants"]
[Date "2018.08.20"]
[Round "4"]
[White "Oliva Castaneda, Kevel"]
[Black "Heimann, Andreas"]
[Result "1/2-1/2"]
[WhiteElo "2479"]
[BlackElo "2590"]
[Annotator "TA"]
[PlyCount "152"]
[EventDate "2018.08.17"]
[EventType "swiss"]
[EventCountry "ESP"]
[SourceTitle "playchess.com"]
[Source "ChessBase"]
[SourceQuality "1"]

{[%evp 21,152,-16,-14,-8,0,0,0,0,14,-20,-21,-25,-13,-21,-18,-25,-6,-11,-8,-8,-6,-16,-13,-28,-22,-32,-46,-51,-40,-50,-52,-46,-50,-50,-44,-48,-35,-60,-21,-33,-31,-37,-33,-33,-33,-33,-33,-81,-22,-31,-28,-21,-21,-22,0,-38,0,-18,-14,-14,-14,-14,-14,-14,-29,-32,-11,-15,-18,-10,0,0,0,-8,-6,-6,0,0,0,0,0,-8,-8,-8,0,-8,-8,-31,-41,-58,0,-8,-8,-8,-8,-8,-8,-8,-8,-8,-8,-8,-8,-8,-8,-8,-8,-8,-8,-8,-8,-8,-8,-8,-8,-8,-8,-8,-8,-8,-8,-8,-8,-18,-18,-18,0,-8,0,-8,-8,-8,0]} 1. Nf3 d5 2. d4 Bf5 3. c4 e6 4. Nc3 Nf6 5. cxd5 exd5 6. Bg5 c6 7. e3 Nbd7 8. Bd3 Bxd3 9. Qxd3 Be7 10. O-O O-O 11. Nd2 Re8 {LiveBook: 20 Games} 12. Rad1 {D35: Queen's Gambit Declined: Exchange Variation} (12. Rfe1 Nf8 13. a3 Ne6 14. Bh4 a5 15. Rac1 Nd7 16. Bxe7 Qxe7 17. Red1 Nb6 18. Qb1 Nc8 19. e4 dxe4 {1-0 (72) Lei,T (2483)-Postny,E (2668) Graz 2016}) 12... h6 13. Bh4 Bd6 $146 ({Predecessor:} 13... Ne4 14. Bxe7 Qxe7 15. Ndxe4 dxe4 16. Qc2 Nf6 17. a3 Rad8 18. b4 Nd5 19. Rc1 h5 {1-0 (53) Karolyi,T (2335)-Kantor,G (2362) Hungary 2013}) 14. Rfe1 Qc7 15. Bg3 (15. Nf1 {keeps more tension.} Qb6 16. Qc2 Rac8 17. a3 Re6 18. f3) 15... Bxg3 16. hxg3 Qd6 17. Qc2 Nb6 18. Qb3 Re7 19. e4 dxe4 20. Ndxe4 Nxe4 21. Nxe4 Qc7 22. Nc5 {[%cal Be4c5,Bc5d3,Bd3e5][%mdl 32]} Rae8 23. Qc3 Nd5 24. Qd2 Nf6 25. Nd3 Qd6 26. Rxe7 Rxe7 27. Ne5 Qd5 28. b3 Qd8 29. Nf3 Re4 30. Re1 Qe7 31. Ne5 Rxe1+ 32. Qxe1 Nd5 33. Qa5 a6 34. Qc5 Qc7 (34... Qxc5 $17 35. dxc5 Nc3) 35. a3 g6 36. b4 Kg7 37. Qc1 Qe7 38. Qc5 Qc7 39. Qc1 a5 40. bxa5 Qxa5 41. Qb2 Qb6 (41... Qb5 {is more complex.} 42. Qxb5 cxb5 43. Kf1 Nc3 44. Ke1 Kf6) 42. Qxb6 Nxb6 $11 {[%mdl 4096] Endgame KN-KN} 43. Kf1 f6 44. Nd3 Nc4 45. a4 Kf7 46. Ke2 Ke7 47. Nc5 b6 48. Ne4 Ke6 49. Nc3 h5 50. Kd3 Nd6 51. Ke3 g5 52. Kd3 Nf5 53. Ke4 Ne7 54. Kd3 Nd5 55. Ne4 g4 ({Better is} 55... h4 $15) 56. Kc4 {The position is equal.} f5 57. Nd2 f4 58. Kd3 fxg3 59. fxg3 Ne7 60. Nc4 b5 61. axb5 cxb5 62. Na3 b4 {[%cal Bb5b4,Bb4b3][%mdl 32]} 63. Nc2 $1 b3 64. Ne3 Kd6 65. Nc4+ Kd5 66. Ne3+ Ke6 67. Kd2 $1 Nd5 68. Nc4 Nc7 69. Kc3 Kd5 {Strongly threatening ...Nb5+.} 70. Kd3 $1 Nb5 71. Ne3+ Ke6 72. Nd1 Nd6 73. Ne3 Nb5 74. Nd1 Kd5 75. Ne3+ Kc6 {[#] And now ...Nxd4! would win.} 76. Nc4 Kd5 {Precision: White = 61%, Black = 55%.} 1/2-1/2

[Event "XX Sants Open 2018"]
[Site "Cotxeres de Sants"]
[Date "2018.08.20"]
[Round "4"]
[White "Sochacki, Christophe"]
[Black "Vaibhav, Suri"]
[Result "1/2-1/2"]
[WhiteElo "2455"]
[BlackElo "2561"]
[Annotator "ChessBase"]
[PlyCount "24"]
[EventDate "2018.08.17"]
[EventType "swiss"]
[EventCountry "ESP"]
[SourceTitle "playchess.com"]
[Source "ChessBase"]
[SourceQuality "1"]
[TimeControl "40/5400+30:1800+30"]

1. d4 {[%emt 0:06:49]} d5 {[%emt 0:00:03]} 2. c4 {[%emt 0:00:14]} c6 {[%emt 0:00:09]} 3. Nc3 {[%emt 0:03:02]} Nf6 {[%emt 0:00:15]} 4. cxd5 {[%emt 0:00:24]} cxd5 {[%emt 0:00:07]} 5. Bf4 {[%emt 0:00:14]} a6 {[%emt 0:00:28]} 6. e3 {[%emt 0:00:37]} Nc6 {[%emt 0:00:09]} 7. Bd3 {[%emt 0:03:04]} Bg4 {[%emt 0:01:34]} 8. f3 {[%emt 0:01:39]} Bh5 {[%emt 0:01:06]} 9. Qb3 {[%emt 0:01:08]} Na5 {[%emt 0:00:54]} 10. Qa4+ {[%emt 0:01:15]} Nc6 {[%emt 0:02:36]} 11. Qb3 {[%emt 0:00:15]} Na5 {[%emt 0:00:46]} 12. Qa4+ {[%emt 0:00:56]} Nc6 {[%emt 0:07:35]} 1/2-1/2

[Event "XX Sants Open 2018"]
[Site "Cotxeres de Sants"]
[Date "2018.08.20"]
[Round "4"]
[White "Zankelevich, Lev"]
[Black "Peralta, Fernando"]
[Result "1/2-1/2"]
[WhiteElo "2420"]
[BlackElo "2556"]
[Annotator "ChessBase"]
[PlyCount "39"]
[EventDate "2018.08.17"]
[EventType "swiss"]
[EventCountry "ESP"]
[SourceTitle "playchess.com"]
[Source "ChessBase"]
[SourceQuality "1"]
[TimeControl "40/5400+30:1800+30"]

1. d4 {[%emt 0:00:00]} d5 {[%emt 0:00:00]} 2. c4 {[%emt 0:00:00]} e6 {[%emt 0:00:03]} 3. Nf3 {[%emt 0:00:00]} Nf6 {[%emt 0:00:09]} 4. g3 {[%emt 0:00:00]} Bb4+ {[%emt 0:00:13]} 5. Bd2 {[%emt 0:00:00]} Bd6 {[%emt 0:00:10]} 6. Bg2 {[%emt 0:00:00]} O-O {[%emt 0:00:49]} 7. O-O {[%emt 0:00:06]} Nbd7 {[%emt 0:00:58]} 8. c5 {[%emt 0:00:07]} Be7 {[%emt 0:00:11]} 9. Nc3 {[%emt 0:03:24]} Ne4 {[%emt 0:00:48]} 10. Nxe4 {[%emt 0:03:32]} dxe4 {[%emt 0:00:07]} 11. Ne5 {[%emt 0:00:50]} f5 {[%emt 0:00:56]} 12. Bf4 {[%emt 0:07:39]} g5 {[%emt 0:00:20]} 13. Nxd7 {[%emt 0:00:09]} Bxd7 {[%emt 0:00:08]} 14. Be5 {[%emt 0:00:05]} Bf6 {[%emt 0:00:21]} 15. Qb3 {[%emt 0:03:45]} Bxe5 {[%emt 0:08:34]} 16. dxe5 {[%emt 0:00:36]} Rb8 {[%emt 0:00:09]} 17. f3 {[%emt 0:38:39]} exf3 {[%emt 0:05:43]} 18. Rxf3 {[%emt 0:03:42]} Qe7 {[%emt 0:02:41]} 19. Qc4 {[%emt 0:01:02]} Bc6 {[%emt 0:12:03]} 20. Rd3 {[%emt 0:00:13]} 1/2-1/2

[Event "XX Sants Open 2018"]
[Site "Cotxeres de Sants"]
[Date "2018.08.20"]
[Round "4"]
[White "Soumza, Swaminathan"]
[Black "Sviridov, Valery"]
[Result "0-1"]
[WhiteElo "2361"]
[BlackElo "2528"]
[Annotator "TA"]
[PlyCount "116"]
[EventDate "2018.08.17"]
[EventType "swiss"]
[EventCountry "ESP"]
[SourceTitle "playchess.com"]
[Source "ChessBase"]
[SourceQuality "1"]

{[%evp 17,116,25,49,5,10,7,25,18,21,14,18,13,14,9,32,17,37,27,30,3,0,0,6,7,33,0,33,27,23,-10,-15,-38,-14,-94,-101,-91,-89,-104,-107,-146,-138,-134,-142,-145,-131,-218,-226,-229,-226,-202,-164,-205,-204,-208,-214,-217,-204,-249,-245,-244,-253,-225,-233,-220,-215,-278,-274,-149,-272,-320,-313,-362,-355,-352,-322,-359,-358,-349,-349,-345,-345,-396,-406,-404,-393,-389,-352,-358,-348,-705,-694,-891,-890,-864,-853,-1329,-1162,-29970,-29972,-29972,-29972]} 1. e4 {[%cal Be2e4,Be4e5][%mdl 32]} Nf6 {[%cal Bg8f6,Bf6d5,Bd5b6][%mdl 32]} 2. e5 Nd5 3. d4 d6 4. c4 Nb6 5. exd6 exd6 6. Nc3 Be7 7. Bd3 O-O 8. Nge2 Nc6 9. O-O Bf6 {LiveBook: 48 Partien. B03: Aljechin-Verteidigung (Vierbauernvariante)} 10. Bb1 (10. b3 Re8 11. Be3 Bg4 12. Qd2 Bxe2 13. Nxe2 d5 14. c5 Nd7 15. b4 a6 16. Rae1 Nf8 17. Bb1 {1-0 (37) Gelashvili,T (2563)-Berkes,F (2654) Minsk 2017 CBM 179 [Mekhitarian,K]}) 10... Re8 11. Ne4 Bg4 {[#] Droht stark ...Lxd4!Die Stellung ist ausgeglichen.} 12. f3 Bf5 13. Nxf6+ Qxf6 14. Bxf5 Qxf5 15. d5 Ne5 16. b3 Qf6 {Droht ...Sxf3+! und aus.} 17. Rb1 {[#]} Qg6 $146 18. Bb2 Nbd7 19. Kh1 Nd3 20. Bd4 Re7 21. Ng3 Rae8 22. Qd2 a6 23. f4 {f5 ist eine echte Drohung.} N3c5 24. Rbd1 h5 {Weiss muss nun ...h4 beachten.} 25. b4 (25. f5 $11 {hält das Gleichgewicht.} Qg4 26. f6) 25... Ne4 $17 26. Nxe4 Rxe4 27. Rf2 Qg4 28. Rdf1 Re2 29. Qc1 R8e4 30. h3 Qg3 31. f5 (31. c5 $17 {ist wohl besser.}) 31... Rxf2 $19 32. Bxf2 Qd3 33. c5 Rc4 (33... Qxd5 34. cxd6 c6 35. Qd1 $17) 34. Qe1 Nf6 (34... Qxf5 35. cxd6 cxd6 36. Bg3 $17) (34... Qxd5 35. Qe8+ Nf8 36. Qc8 $17) 35. cxd6 cxd6 36. Kg1 Qxd5 37. a3 Rc2 (37... Qxf5 38. Bh4) 38. Qd1 Rd2 39. Qf3 Qxf3 40. gxf3 {[%mdl 4096] Endspiel KTL-KTS} Nd5 41. Rc1 Ra2 42. Rc8+ Kh7 43. Rd8 Nf4 (43... Rxa3 44. Rxd6 Nxb4 45. Rd7 $19) 44. Be3 Ne2+ ({Minderwertig wäre} 44... Rxa3 45. Bxf4 Rxf3 46. Bxd6 $14) (44... Nxh3+ 45. Kf1 $19) 45. Kg2 Nd4+ ({Finger weg von} 45... Rxa3 46. Kf2 $19) 46. Bf2 Nxf5 47. Rd7 b5 ({Weniger gut wäre} 47... Rxa3 48. Rxf7 Kg6 49. Rxb7 $17) 48. Rxf7 Kg6 49. Ra7 Rxa3 50. f4 Ra4 51. Be1 Ra2+ 52. Kf3 Ra3+ 53. Ke2 $2 (53. Kg2) 53... h4 {[%cal Bh5h4,Bh4h3,Bh3h2][%mdl 32]} 54. Bd2 Rxh3 55. Rxa6 Rh2+ 56. Kd3 h3 57. Ra1 {[#]} Rxd2+ $1 58. Kxd2 h2 {Precision: Weiß = 40%, Schwarz = 72%.} 0-1

[Event "XX Sants Open 2018"]
[Site "Cotxeres de Sants"]
[Date "2018.08.20"]
[Round "4"]
[White "Kokje, Joris"]
[Black "Illescas Cordoba, Miguel"]
[Result "0-1"]
[WhiteElo "2235"]
[BlackElo "2605"]
[Annotator "TA"]
[PlyCount "62"]
[EventDate "2018.08.17"]
[EventType "swiss"]
[EventCountry "ESP"]
[SourceTitle "playchess.com"]
[Source "ChessBase"]
[SourceQuality "1"]

{[%evp 10,61,-52,-48,-32,-44,-35,-41,-34,-37,-18,-31,-24,-91,-99,-99,-95,-87,-87,-104,-104,-108,-111,-89,-129,-131,-124,-119,-134,-122,-107,-102,-71,-174,-122,-109,-19,-41,0,0,0,0,21,-1028,-1047,-1033,-1033,-1012,-1012,-945,-952,-891,-863,-29999]} 1. d4 d5 2. c4 dxc4 3. Nf3 Nf6 4. g3 Nc6 5. Bg2 e5 6. Qa4 {LiveBook: 4 Games. D23: Queen's Gambit Accepted: 3 Nf3 Nf6 sidelines} exd4 {[#]} (6... Bd7 7. Qxc4 Be6 8. Qa4 e4 9. Ng5 Qxd4 10. Qc2 Nb4 11. Qa4+ Qd7 12. Qxd7+ Bxd7 {0-1 (67) Ezat,M (2466)-Moradiabadi,E (2598) Tromsoe 2014}) 7. Nxd4 $1 {[%mdl 512]} Qxd4 8. Bxc6+ {Black is slightly better.} Nd7 $146 {[%cal Bf6d7,Bd7e5,Be5f3][%mdl 32]} ({Predecessor:} 8... Bd7 9. Bxd7+ Qxd7 10. Qxc4 Be7 11. Nc3 O-O 12. Bg5 c6 {0-1 (57) Stoyanov,S (1854)-Kulev,A (1539) Plovdiv 2016}) 9. Bg2 Bc5 10. e3 Qd3 11. Nc3 (11. Nd2 $11 {keeps the balance.}) 11... O-O $17 12. Be4 Qd6 13. Qxc4 Ne5 14. Qd5 Qe7 15. O-O c6 16. Qd1 Bg4 17. Qc2 f5 18. Bg2 Nf3+ $1 19. Kh1 Qg5 20. Ne2 Qh5 {[%csl Gf3][%cal Rh5h2]} 21. h4 (21. h3 $17 Bd6 22. Nf4) 21... Bd6 (21... Be7 $19 {Hoping for ...Bxh4!} 22. Nd4 Rad8 23. Nxf3 Bxf3) 22. Nf4 Bxf4 $40 {[%mdl 128] White needs to defend precisely.} ({Black should play} 22... Qh6 $17 {And now ...g5 would win.} 23. Qd1 Bxf4 24. exf4 Qh5) 23. exf4 $11 Rf6 24. Qb3+ Kh8 {Strongly threatening ...Rh6.} 25. Qxb7 Rg8 {White must now prevent ...Nxh4!} (25... Re8 $5 {[%cal Rf3h4]} 26. Qd7 (26. Qxa7 $2 Nxh4 27. gxh4 Qxh4+ 28. Kg1 Rh6 $19) 26... Rh6 27. Bxf3 Bxf3+ 28. Kh2 c5 $11) 26. Be3 $2 {[%mdl 8192] [#]} (26. Qxa7 Nxh4 $1 {[%mdl 512]} 27. Qf7 (27. gxh4 $2 Qxh4+ 28. Kg1 Bh3 $19) 27... Ng6+ 28. Kg1 Rxf7 $19) (26. Bxf3 $11 Bxf3+ 27. Kh2) 26... Nxh4 $1 $19 {[%mdl 512]} 27. gxh4 Bf3 28. Bxf3 Qxh4+ 29. Kg1 Rg6+ 30. Bg2 Qg4 {[%csl Gg6][%cal Rg4g2]} 31. Qxa7 Qxg2# {Precision: White = 47%, Black = 65%.} 0-1

[Event "XX Sants Open 2018"]
[Site "Cotxeres de Sants"]
[Date "2018.08.20"]
[Round "4"]
[White "Vargas Drechsler, Carlos"]
[Black "Marani, Luca"]
[Result "1/2-1/2"]
[WhiteElo "1902"]
[BlackElo "1837"]
[Annotator "NA"]
[PlyCount "55"]
[EventDate "2018.08.17"]
[EventType "swiss"]
[EventCountry "ESP"]
[SourceTitle "playchess.com"]
[Source "ChessBase"]
[SourceQuality "1"]
[TimeControl "40/5400+30:1800+30"]

1. d4 d5 2. c4 e6 3. Nc3 Nf6 4. cxd5 exd5 5. Bg5 Be7 6. e3 c6 7. Bd3 Nbd7 8. Nf3 Nf8 9. h3 Ne6 10. Bh4 O-O 11. Qc2 g6 12. O-O-O Ng7 13. g4 Qa5 14. Ne5 Re8 15. Bxf6 Bxf6 16. f4 Ne6 17. f5 Nc5 18. fxg6 Nxd3+ 19. Qxd3 fxg6 20. Nxg6 b5 21. Ne5 Bxe5 22. dxe5 b4 23. Nb1 Qc5+ 24. Kd2 Rxe5 25. Rc1 Qd6 26. Qd4 Bb7 27. Qc5 Qxc5 28. Rxc5 1/2-1/2

[Event "XX Sants Open 2018"]
[Site "Cotxeres de Sants"]
[Date "2018.08.20"]
[Round "4"]
[White "Ruiz Gonzalez, Jorge"]
[Black "Pallares Gurrea, Aitor Alexander"]
[Result "1-0"]
[WhiteElo "1888"]
[BlackElo "1826"]
[Annotator "NA"]
[PlyCount "101"]
[EventDate "2018.08.17"]
[EventType "swiss"]
[EventCountry "ESP"]
[SourceTitle "playchess.com"]
[Source "ChessBase"]
[SourceQuality "1"]
[TimeControl "40/5400+30:1800+30"]

1. e4 e5 2. Nf3 Nc6 3. d4 exd4 4. Nxd4 Bc5 5. Nb3 Bb6 6. Qe2 Qe7 7. Nc3 Nf6 8. Bg5 Nd4 9. Nxd4 Bxd4 10. Nd5 Qd6 11. c3 Bb6 12. e5 Qxd5 13. exf6+ Qe6 14. fxg7 Rg8 15. Bf6 c6 16. c4 Ba5+ 17. Kd1 Qxe2+ 18. Bxe2 Bd8 19. Bc3 d6 20. Bh5 Be6 21. f4 Kd7 22. f5 Bxc4 23. f6 Be6 24. Be2 Bf5 25. Rf1 Be4 26. Rf4 d5 27. Bg4+ Kd6 28. g3 b5 29. Ke2 Re8 30. b4 Bg6+ 31. Kd2 Bb6 32. Bd4 Bxd4 33. Rxd4 a5 34. Bf3 axb4 35. Rxb4 Ra3 36. Rb3 Ra4 37. Re3 Rd4+ 38. Ke2 Bd3+ 39. Kf2 Be4 40. Rd1 Rxd1 41. Bxd1 c5 42. Ra3 Ke5 43. Ra6 c4 44. Bg4 c3 45. Re6+ fxe6 46. f7 Ra8 47. f8=Q Rxa2+ 48. Be2 c2 49. Qf4+ Kd4 50. Qe3+ Ke5 51. g8=Q 1-0

[Event "XX Sants Open 2018"]
[Site "Cotxeres de Sants"]
[Date "2018.08.20"]
[Round "4"]
[White "Vigier Lopey, Carlos"]
[Black "Palomino Gutierrez, Albert"]
[Result "0-1"]
[WhiteElo "1837"]
[BlackElo "1912"]
[Annotator "NA"]
[PlyCount "82"]
[EventDate "2018.08.17"]
[EventType "swiss"]
[EventCountry "ESP"]
[SourceTitle "playchess.com"]
[Source "ChessBase"]
[SourceQuality "1"]
[TimeControl "40/5400+30:1800+30"]

1. e4 {[%emt 0:00:00]} e6 {[%emt 0:00:00]} 2. d3 {[%emt 0:00:20]} d5 {[%emt 0:00:00]} 3. Nd2 {[%emt 0:00:12]} c5 {[%emt 0:00:13]} 4. Ngf3 Nc6 5. g3 {[%emt 0:01:25]} g6 {[%emt 0:00:28]} 6. Bg2 {[%emt 0:00:06]} Bg7 {[%emt 0:00:13]} 7. O-O {[%emt 0:00:26]} Nge7 {[%emt 0:00:19]} 8. Re1 {[%emt 0:03:48]} b6 {[%emt 0:00:56]} 9. exd5 {[%emt 0:01:59]} exd5 {[%emt 0:07:46]} 10. Nf1 {[%emt 0:06:26]} O-O {[%emt 0:01:01]} 11. Ne3 {[%emt 0:02:48]} a5 {[%emt 0:04:24]} 12. Rb1 {[%emt 0:02:51]} Ra7 {[%emt 0:09:41]} 13. b3 {[%emt 0:04:56]} a4 {[%emt 0:14:08]} 14. Bb2 {[%emt 0:05:49]} d4 {[%emt 0:04:03]} 15. Nc4 {[%emt 0:00:43]} b5 {[%emt 0:10:59]} 16. Ncd2 {[%emt 0:04:01]} a3 {[%emt 0:01:54]} 17. Ba1 {[%emt 0:02:43]} Nb4 {[%emt 0:01:54]} 18. Ne4 {[%emt 0:01:17]} Rc7 {[%emt 0:19:00]} 19. Qd2 {[%emt 0:07:53]} Ned5 {[%emt 0:04:05]} 20. Qc1 {[%emt 0:22:19]} h6 {[%emt 0:00:46]} 21. Re2 {[%emt 0:04:59]} f5 {[%emt 0:01:42]} 22. Ned2 {[%emt 0:01:29]} Ra7 {[%emt 0:03:24]} 23. Ne5 {[%emt 0:03:28]} Qd6 {[%emt 0:03:58]} 24. Ndf3 {[%emt 0:03:58]} Nxa2 {[%emt 0:00:41]} 25. Qe1 {[%emt 0:02:16]} Nac3 {[%emt 0:00:25]} 26. Nh4 {[%emt 0:01:28]} Nxe2+ {[%emt 0:00:40]} 27. Qxe2 {[%emt 0:00:20]} Bxe5 {[%emt 0:03:20]} 28. Nxg6 {[%emt 0:01:24]} Re8 {[%emt 0:02:11]} 29. f4 {[%emt 0:01:14]} Qxg6 {[%emt 0:01:58]} 30. Bxd5+ {[%emt 0:00:36]} Kh7 {[%emt 0:00:45]} 31. fxe5 {[%emt 0:00:51]} Rae7 {[%emt 0:00:31]} 32. Qf2 {[%emt 0:06:11]} Rxe5 {[%emt 0:00:22]} 33. Bf3 {[%emt 0:00:19]} b4 {[%emt 0:00:22]} 34. Rf1 {[%emt 0:00:39]} Qg5 {[%emt 0:00:26]} 35. Kh1 {[%emt 0:02:21]} Qe7 {[%emt 0:01:03]} 36. Bh5 {[%emt 0:00:58]} Bb7+ {[%emt 0:00:13]} 37. Kg1 {[%emt 0:00:21]} Rf8 {[%emt 0:00:32]} 38. g4 {[%emt 0:01:27]} Qg5 {[%emt 0:00:32]} 39. Re1 {[%emt 0:03:53]} fxg4 {[%emt 0:02:49]} 40. Rxe5 {[%emt 0:00:00]} Rxf2 {[%emt 0:00:00]} 41. Rxg5 {[%emt 0:01:59]} Rg2+ 0-1

[Event "XX Sants Open 2018"]
[Site "Cotxeres de Sants"]
[Date "2018.08.20"]
[Round "4"]
[White "Grasa Solanas, Oscar"]
[Black "Riu Borge, Albert"]
[Result "1-0"]
[WhiteElo "1646"]
[BlackElo "1530"]
[Annotator "NA"]
[PlyCount "63"]
[EventDate "2018.08.17"]
[EventType "swiss"]
[EventCountry "ESP"]
[SourceTitle "playchess.com"]
[Source "ChessBase"]
[SourceQuality "1"]
[TimeControl "40/5400+30:1800+30"]

1. c4 b6 2. Nc3 Bb7 3. d4 e6 4. d5 Bc5 5. e4 e5 6. Nf3 d6 7. Be2 h6 8. O-O Ne7 9. a3 a5 10. Rb1 Na6 11. Nh4 Bc8 12. Nf3 Bd7 13. Kh1 O-O 14. Be3 f5 15. Bd3 f4 16. Bxc5 Nxc5 17. Be2 Ng6 18. b4 axb4 19. axb4 Nb7 20. Ra1 Qe7 21. Qc2 Nh4 22. Ra2 Bg4 23. Nxh4 Qxh4 24. Bxg4 Qxg4 25. f3 Qd7 26. Rfa1 Rfb8 27. Rxa8 Rxa8 28. Rxa8+ Kh7 29. Ra7 Nd8 30. Nb5 Qe7 31. Rxc7 Qh4 32. Qe2 1-0

[Event "XX Sants Open 2018"]
[Site "Cotxeres de Sants"]
[Date "2018.08.20"]
[Round "4"]
[White "Martinez Torras, Pol"]
[Black "Febrero Perez, Lluis"]
[Result "1-0"]
[WhiteElo "1642"]
[BlackElo "1515"]
[Annotator "NA"]
[PlyCount "63"]
[EventDate "2018.08.17"]
[EventType "swiss"]
[EventCountry "ESP"]
[SourceTitle "playchess.com"]
[Source "ChessBase"]
[SourceQuality "1"]
[TimeControl "40/5400+30:1800+30"]

1. e4 {[%emt 0:00:00]} e5 {[%emt 0:00:00]} 2. Nf3 {[%emt 0:00:00]} Nc6 {[%emt 0:00:00]} 3. Bc4 {[%emt 0:00:04]} Be7 {[%emt 0:00:00]} 4. d4 {[%emt 0:00:44]} exd4 {[%emt 0:00:00]} 5. Nxd4 {[%emt 0:00:16]} Nf6 {[%emt 0:00:21]} 6. Nc3 {[%emt 0:01:17]} Ne5 {[%emt 0:00:51]} 7. Bb3 {[%emt 0:03:23]} d6 {[%emt 0:00:56]} 8. h3 {[%emt 0:02:03]} O-O {[%emt 0:00:13]} 9. O-O {[%emt 0:03:44]} c5 {[%emt 0:07:56]} 10. Nf3 {[%emt 0:02:32]} c4 {[%emt 0:02:30]} 11. Nxe5 {[%emt 0:02:37]} cxb3 {[%emt 0:00:08]} 12. Nf3 {[%emt 0:05:03]} bxa2 {[%emt 0:00:36]} 13. Rxa2 {[%emt 0:02:28]} Be6 {[%emt 0:00:17]} 14. Ra4 {[%emt 0:03:05]} a6 {[%emt 0:02:40]} 15. Re1 {[%emt 0:05:01]} Rc8 {[%emt 0:02:14]} 16. Bf4 {[%emt 0:08:59]} Qd7 {[%emt 0:09:27]} 17. Rd4 {[%emt 0:01:45]} Qc6 {[%emt 0:03:32]} 18. Bxd6 {[%emt 0:02:08]} Bxd6 {[%emt 0:04:31]} 19. Rxd6 {[%emt 0:00:07]} Qc5 {[%emt 0:03:19]} 20. Qd4 {[%emt 0:02:53]} Qh5 {[%emt 0:03:14]} 21. Qe5 {[%emt 0:03:19]} Rc5 {[%emt 0:08:29]} 22. Qxh5 {[%emt 0:01:58]} Rxh5 {[%emt 0:00:20]} 23. Red1 {[%emt 0:04:25]} g5 {[%emt 0:01:47]} 24. e5 {[%emt 0:05:04]} Ne8 {[%emt 0:01:32]} 25. Rd8 {[%emt 0:01:26]} g4 {[%emt 0:01:59]} 26. hxg4 {[%emt 0:01:38]} Bxg4 {[%emt 0:00:56]} 27. Re1 {[%emt 0:08:12]} Bxf3 {[%emt 0:00:15]} 28. gxf3 {[%emt 0:00:05]} Kh8 {[%emt 0:01:23]} 29. Re4 {[%emt 0:02:04]} Rf5 {[%emt 0:00:31]} 30. f4 {[%emt 0:00:31]} Rg8+ {[%emt 0:00:45]} 31. Kf1 {[%emt 0:00:27]} h5 {[%emt 0:00:34]} 32. Nd5 {[%emt 0:01:03]} 1-0

[Event "XX Sants Open 2018"]
[Site "Cotxeres de Sants"]
[Date "2018.08.20"]
[Round "4"]
[White "Vadillo, Torre Ismael"]
[Black "Lujan Moreno, Royer Manuel"]
[Result "1/2-1/2"]
[WhiteElo "1567"]
[BlackElo "1477"]
[Annotator "NA"]
[PlyCount "75"]
[EventDate "2018.08.17"]
[EventType "swiss"]
[EventCountry "ESP"]
[SourceTitle "playchess.com"]
[Source "ChessBase"]
[SourceQuality "1"]
[TimeControl "40/5400+30:1800+30"]

1. d4 d5 2. c4 Nf6 3. Nc3 c6 4. Nf3 a6 5. a4 g6 6. Bg5 Bg7 7. e3 Bg4 8. Be2 Nbd7 9. O-O h6 10. Bf4 Nh5 11. Bg3 Nxg3 12. hxg3 Nf6 13. Ne5 Be6 14. c5 O-O 15. Bd3 Qe8 16. f4 Nd7 17. f5 Nxe5 18. dxe5 gxf5 19. Bxf5 Qd7 20. Qg4 Bxf5 21. Rxf5 Qe6 22. Qh5 Qg6 23. Raf1 e6 24. Qxg6 fxg6 25. Rxf8+ Rxf8 26. Rxf8+ Kxf8 27. Kf2 Bxe5 28. Kf3 Bxc3 29. bxc3 e5 30. e4 Ke7 31. Ke3 Kd7 32. Kd3 Kc7 33. a5 Kd7 34. g4 Ke6 35. g5 hxg5 36. g4 Ke7 37. Ke3 Kd7 38. Kd3 1/2-1/2